=LDR 00000nam 2200000 4500 =001 INLIS000000000045295 =005 20150115100816.0 =006 =007 =008 =020 ##$$a 979-511-146-9 =035 ##$$0010-011500000000121 =040 ##$$a Ind =082 ##$$a 519.536 =090 ##$$a 519.536$bDra a =100 ##$$a Draper =245 ##$$a Analisis tegresi terapan$cN.R Draper =250 ##$$a Ed.2 =260 ##$$a Jakarta$bGramedia Pustaka$c1992. =300 ##$$a 640 Hlm$bIlus$c23 cm. =850 ##$$a NBPDMAT =990 ##$$a 0001/BPAP-NTB/20142015